Mathematical problems in semiconductor physics : lectures given at the C.I.M.E. summer school held in Cetraro, Italy, July 15-22, 1998
Saved in:
| Main Author: | |
|---|---|
| Corporate Author: | |
| Other Authors: | , |
| Format: | Book |
| Language: | English |
| Published: |
Berlin ; New York :
Springer-Verlag,
c2003
|
| Series: | Lecture notes in mathematics (Springer-Verlag)
; 1823 |
| Subjects: | |
| Tags: |
Add Tag
No Tags, Be the first to tag this record!
|
MARC
| LEADER | 00000cam a2200000 i 4500 | ||
|---|---|---|---|
| 001 | 1/70399 | ||
| 008 | 080115s2003 eng d | ||
| 020 | |a 3-540-40802-9 | ||
| 035 | |l 10093668 | ||
| 040 | |a GR-MY-UA |b gre |e aacr | ||
| 041 | 0 | |a eng | |
| 082 | 0 | |a 537.6220151 |2 (22) | |
| 100 | 1 | |a Anile, Angelo Marcello. | |
| 245 | 1 | 0 | |a Mathematical problems in semiconductor physics : |b lectures given at the C.I.M.E. summer school held in Cetraro, Italy, July 15-22, 1998 / |c A.M. Anile, W. Allegretto, C. Ringhofer ; editor A.M. Anile |
| 260 | |a Berlin ; New York : |b Springer-Verlag, |c c2003 | ||
| 300 | |a x, 141 σ.; |b εικ.; |c 24 εκ. | ||
| 490 | 1 | |a Lecture notes in mathematics |v ; 1823 | |
| 504 | |a Περιέχει βιβλιογραφικές παραπομπές | ||
| 650 | 0 | 0 | |a Semiconductors |x Mathematics |x Congresses. |
| 700 | 1 | |a Allegretto, W. | |
| 700 | 1 | |a Ringhofer, C. A. |q (Christian A.), |d 1957- | |
| 710 | 2 | |a Centro internazionale matematico estivo. | |
| 830 | 0 | |a Lecture notes in mathematics (Springer-Verlag) |v ; 1823 | |
| 852 | |a INST |b SAMOS |e 20080115 |h 537.6220151 ANI |p 005300027234 |q 005300027234 |t BK |y 0 | ||
| 901 | |a BIBL3-2008-1 | ||
| 909 | |a Σ |b 143462 | ||
| 922 | |a 3ΕΛΗ |b 200712 |c ΕΠΕΑΕΚ2/ΤΜΗΜΑ ΜΑΘΗΜΑΤΙΚΩΝ |d ΕΛΕΥΘΕΡΟΥΔΑΚΗΣ | ||
| 970 | |a ΡΟΥΣΣΟΥ |b ΚΩΝΣΤΑΝΤΙΝΑ |z 2008/01/15 | ||